| 000 | 00440nam a2200181Ia 4500 | ||
|---|---|---|---|
| 001 | 10592 | ||
| 005 | 20260306161843.0 | ||
| 008 | 260306t1976||||xx |||||||||||||| ||spa|| | ||
| 041 | _aESP | ||
| 082 |
_a943.031 _bF39 |
||
| 100 |
_aFernández Alvarez, Manuel _eAUT |
||
| 245 | 0 |
_aCarlos V: _b(Un hombre para Europa) |
|
| 260 | _c1976 | ||
| 300 |
_a220 páginas : _c24 cm. |
||
| 650 | _aGEN | ||
| 654 | _aCHU | ||
| 942 |
_cLIB _dJUS _fJUS _2ddc _n |
||
| 999 |
_c10592 _d10592 |
||